000 00727nam a22002417a 4500
001 90280
003 UA-OsUOA
005 20220519145737.0
007 ta
008 20121115b un ||||| |||| 00| 0 ukr d
040 _aUA-OsUOA
_brus
_cUA-OsUOA
_dUA-OsUOA
041 _arus
080 _a821.161.1
090 _a821.161.1
_bЛ33
100 _aЛе И.
245 _aХмельницкий
_bроман
_nКн. 3
260 _aМ.
_bСов. писатель
_c1967
300 _a565 с.
650 7 _a821 Художня література окремими мовами і мовними сім'ями
_2UDC
942 _cBK
_2udc
955 _a3
999 _c376517
_d376517